हिन्दी साहित्य में हाशिये के स्वर / (Record no. 213261)
[ view plain ]
| 000 -LEADER | |
|---|---|
| fixed length control field | 00853nam a22001937a 4500 |
| 005 - DATE AND TIME OF LATEST TRANSACTION | |
| control field | 20250902164416.0 |
| 010 ## - LCCN (DPL NO) | |
| LC control number | HIN-130342 |
| 020 ## - INTERNATIONAL STANDARD BOOK NUMBER | |
| Terms of availability | 420 |
| International Standard Book Number | 9788195188130 |
| 035 ## - SYSTEM CONTROL NUMBER | |
| System control number | HN-102688 |
| 037 ## - SOURCE OF ACQUISITION | |
| Source of stock number/acquisition | DBAD |
| 082 ## - DEWEY DECIMAL CLASSIFICATION NUMBER | |
| Classification number | 820.8 |
| 100 ## - MAIN ENTRY--PERSONAL NAME | |
| Personal name | मायादेवी डब्ल्यू |
| 245 ## - TITLE STATEMENT | |
| Title | हिन्दी साहित्य में हाशिये के स्वर / |
| Statement of responsibility, etc | डब्ल्यू मायादेवी |
| 260 ## - PUBLICATION, DISTRIBUTION, ETC. (IMPRINT) | |
| Name of publisher, distributor, etc | संबोंधि प्रकाशन |
| Date of publication, distribution, etc | 2022 |
| Place of publication, distribution, etc | महाराष्ट्र |
| 270 ## - ADDRESS | |
| Address | हुंडा (प .उ) ता . उमरी .जि नादेंड |
| -- | महाराष्ट्र -431807 |
| 300 ## - PHYSICAL DESCRIPTION | |
| Extent | 280 पृ.; |
| Dimensions | 21 सेमी (अजिल्द) |
| 700 ## - ADDED ENTRY--PERSONAL NAME | |
| 9 (RLIN) | 84491 |
| 942 ## - ADDED ENTRY ELEMENTS (KOHA) | |
| Source of classification or shelving scheme | Dewey Decimal Classification |
| Item type | Hindi Books |
| Classification part | 820.8 |
| Call number suffix | हिन्दी सा |
| Withdrawn status | Lost status | Not for loan | Collection code | Home library | Current library | Date acquired | Source of acquisition | Cost, normal purchase price | Full call number | Barcode | Copy number | Cost, replacement price | Koha item type |
|---|---|---|---|---|---|---|---|---|---|---|---|---|---|
| Not For Loan | Non-fiction | D.B.Act.Division | D.B.Act.Division | 02/09/2025 | DBAD | 420.00 | 820.8 हिन्दी सा | HN-102688 | 1 | 420.00 | Hindi Books |
